[Event "Caxambu op"]
[Site "Caxambu"]
[Date "2023.07.22"]
[Round "5"]
[White "Haddad Filho, Paulo Ibrahim"]
[Black "Moreira, Everaldo Bonifacio"]
[Result "1-0"]
[WhiteElo "1877"]
[BlackElo "1551"]
[PlyCount "95"]
[EventDate "2023.07.20"]
[EventType "swiss"]
[EventRounds "7"]
[EventCountry "BRA"]
[SourceTitle "CBM 215 Extra"]
[Source "ChessBase"]
[SourceDate "2023.09.30"]
[SourceVersion "1"]
[SourceVersionDate "2023.09.30"]
[SourceQuality "1"]

1. d4 Nf6 2. Nf3 e6 3. Bf4 d5 4. e3 Be7 5. Bd3 Nbd7 6. Nbd2 c5 7. c3 h6 8. 0-0 0-0 9. Ne5 Nxe5 10. dxe5 Ne4 11. Nxe4 dxe4 12. Bxe4 Qxd1 13. Rfxd1 Rb8 14. Rd2 Rd8 15. Rad1 Rxd2 16. Rxd2 Kf8 17. Bg3 b6 18. Bf3 Bb7 19. Rd7 Bxf3 20. gxf3 a5 21. Kf1 Ke8 22. Ra7 Bd8 23. e4 Rc8 24. Ke2 Bc7 25. a4 Kd7 26. f4 Kc6 27. f5 b5 28. Ra6+ Bb6 29. b4 Kb7 30. axb5 cxb4 31. cxb4 axb4 32. Ra1 Rc5 33. f6 g6 34. Rb1 Rxb5 35. Kd3 Ba5 36. f4 Rc5 37. Be1 Kc6 38. Bxb4 Bxb4 39. Rxb4 Ra5 40. Rb8 Ra7 41. Rf8 Rb7 42. Rh8 h5 43. Re8 Ra7 44. Ke3 Ra3+ 45. Kf2 Ra7 46. Kg3 Ra3+ 47. Kh4 Ra7 48. Kg5 1-0

[Event "Calvia Amateur op 12th"]
[Site "Calvia"]
[Date "2015.10.14"]
[Round "5"]
[White "Ponce Cano, Adrian"]
[Black "Haddad Filho, Paulo Ibrahim"]
[Result "1-0"]
[WhiteElo "2135"]
[BlackElo "1910"]
[PlyCount "73"]
[EventDate "2015.10.10"]
[EventType "swiss"]
[EventRounds "9"]
[EventCountry "ESP"]
[SourceTitle "EXT 2017"]
[Source "ChessBase"]
[SourceDate "2016.10.25"]
[SourceVersion "1"]
[SourceVersionDate "2016.10.25"]
[SourceQuality "1"]

1. e4 e5 2. Nf3 Nc6 3. Bc4 Bc5 4. c3 d6 5. d4 exd4 6. cxd4 Bb4+ 7. Bd2 Bxd2+ 8. Nbxd2 Nf6 9. e5 dxe5 10. dxe5 Ng4 11. 0-0 0-0 12. Re1 Nd4 13. Nb3 Nxf3+ 14. Qxf3 Qg5 15. Qg3 Qg6 16. Bd3 Bf5 17. Bxf5 Qxf5 18. Nd4 Qg6 19. Rac1 c6 20. h3 Nh6 21. Qb3 Rad8 22. Nf3 Rd3 23. Nh4 Rxb3 24. Nxg6 Rxb2 25. Nxf8 Kxf8 26. Rb1 Rxb1 27. Rxb1 b6 28. g4 Ke7 29. Rd1 f6 30. exf6+ gxf6 31. f4 f5 32. Re1+ Kd6 33. g5 Nf7 34. h4 c5 35. h5 c4 36. Kf2 b5 37. Re8 1-0

[Event "Batatais op 3rd"]
[Site "Batatais"]
[Date "2013.12.22"]
[Round "5"]
[White "Marino, Felipe Gabriel"]
[Black "Haddad Filho, Paulo Ibrahim"]
[Result "0-1"]
[WhiteElo "1642"]
[BlackElo "1923"]
[PlyCount "104"]
[EventDate "2013.12.20"]
[EventType "swiss"]
[EventRounds "6"]
[EventCountry "BRA"]
[SourceTitle "CBM 158 Extra"]
[Source "ChessBase"]
[SourceDate "2014.02.28"]
[SourceVersion "1"]
[SourceVersionDate "2014.02.28"]
[SourceQuality "1"]

1. c4 Nf6 2. Nc3 g6 3. g3 Bg7 4. Bg2 0-0 5. e4 e5 6. Nge2 c5 7. 0-0 Nc6 8. d3 d6 9. Rb1 Bg4 10. h3 Bxe2 11. Nxe2 a6 12. a4 Rb8 13. Nc3 Nd4 14. b4 cxb4 15. Rxb4 Nd7 16. Nd5 Nc5 17. Rb6 Qd7 18. Ba3 Qxa4 19. Qxa4 Nxa4 20. Rxd6 Nc2 21. Bc1 Rfd8 22. Rxd8+ Rxd8 23. Bg5 Rd7 24. h4 Nc5 25. Bh3 h6 26. Bxd7 hxg5 27. Bc8 gxh4 28. gxh4 a5 29. Rb1 a4 30. Rb2 Ne1 31. Bxb7 Nexd3 32. Rb1 a3 33. Bc6 Nb2 34. Nb4 Bf8 35. Nc2 Nb3 36. Bd5 Nd2 37. Ra1 Ndxc4 38. Bxc4 Nxc4 39. Kf1 Nd2+ 40. Ke2 Nb3 41. Rb1 Nd4+ 42. Nxd4 exd4 43. Rb8 Kg7 44. Ra8 Bc5 45. f3 Be7 46. Kd3 Bxh4 47. Rxa3 Bf2 48. Ra5 Be3 49. Rd5 Kf6 50. Rxd4 Bxd4 51. Kxd4 Ke6 52. f4 Kd6 0-1

[Event "Barrinha op 1st"]
[Site "Barrinha"]
[Date "2013.??.??"]
[Round "5"]
[White "Haddad Filho, Paulo Ibrahim"]
[Black "Nobre, Jailson Altair Barb"]
[Result "0-1"]
[WhiteElo "1940"]
[BlackElo "1784"]
[PlyCount "76"]
[EventDate "2013.11.15"]
[EventType "swiss"]
[EventRounds "6"]
[EventCountry "BRA"]
[SourceTitle "EXT 2015"]
[Source "ChessBase"]
[SourceDate "2014.11.20"]
[SourceVersion "1"]
[SourceVersionDate "2014.11.20"]
[SourceQuality "1"]

1. d4 Nf6 2. Nf3 e6 3. Bg5 d5 4. Nbd2 Be7 5. e3 Nbd7 6. Bd3 0-0 7. Ne5 c5 8. c3 h6 9. Bf4 cxd4 10. exd4 Nxe5 11. Bxe5 a6 12. 0-0 b5 13. f4 Bd7 14. Qf3 Qb6 15. f5 b4 16. c4 dxc4 17. Nxc4 Qc6 18. fxe6 Qxf3 19. exf7+ Rxf7 20. Rxf3 Bc6 21. Rff1 Bb5 22. b3 Rd8 23. Bf5 Rff8 24. Rad1 Kh8 25. Bc7 Rde8 26. d5 Bc5+ 27. Kh1 Re2 28. Bd3 Rxa2 29. Ne5 Bxd3 30. Rxd3 Kh7 31. g4 Nxg4 32. Nf3 Nf2+ 33. Rxf2 Rxf2 34. Nd2 Re2 35. Nf3 Be3 36. Rxe3 Rxe3 37. Ng1 Rd3 38. d6 Rf6 0-1

[Event "Altinopolis op 2nd"]
[Site "Altinopolis"]
[Date "2013.??.??"]
[Round "4"]
[White "Haddad Filho, Paulo Ibrahim"]
[Black "Pastana, Rafael Pedroni"]
[Result "1/2-1/2"]
[WhiteElo "1981"]
[BlackElo "1768"]
[PlyCount "57"]
[EventDate "2013.03.22"]
[EventType "swiss"]
[EventRounds "6"]
[EventCountry "BRA"]
[SourceTitle "CBM 153 Extra"]
[Source "ChessBase"]
[SourceDate "2013.04.22"]
[SourceVersion "1"]
[SourceVersionDate "2013.04.22"]
[SourceQuality "1"]

1. d4 d5 2. Nf3 c6 3. Bg5 Qb6 4. b3 Bf5 5. e3 e6 6. Bd3 Bxd3 7. Qxd3 Nd7 8. 0-0 Ngf6 9. Nbd2 Be7 10. c4 h6 11. Bh4 Qc7 12. c5 0-0 13. Bg3 Qd8 14. b4 Nh5 15. a4 Nxg3 16. hxg3 Bf6 17. e4 dxe4 18. Nxe4 Be7 19. Rfd1 Nf6 20. Nxf6+ Bxf6 21. Ne5 Bxe5 22. dxe5 Qxd3 23. Rxd3 Rfd8 24. Rd6 Kf8 25. f4 a6 26. Kf2 Ke7 27. Ke3 f5 28. Rad1 h5 29. a5 1/2-1/2

[Event "Altinopolis op 2nd"]
[Site "Altinopolis"]
[Date "2013.??.??"]
[Round "2"]
[White "Haddad Filho, Paulo Ibrahim"]
[Black "Silva, Sergio Marcos Galdi"]
[Result "0-1"]
[WhiteElo "1981"]
[BlackElo "2105"]
[PlyCount "136"]
[EventDate "2013.03.22"]
[EventType "swiss"]
[EventRounds "6"]
[EventCountry "BRA"]
[SourceTitle "CBM 153 Extra"]
[Source "ChessBase"]
[SourceDate "2013.04.22"]
[SourceVersion "1"]
[SourceVersionDate "2013.04.22"]
[SourceQuality "1"]

1. d4 Nf6 2. Nf3 g6 3. c4 c5 4. d5 b5 5. cxb5 a6 6. Nc3 axb5 7. Nxb5 Ba6 8. Nc3 d6 9. e4 Bxf1 10. Kxf1 Bg7 11. g3 0-0 12. Kg2 Nbd7 13. Qc2 Qa5 14. Bg5 Rfb8 15. h4 h5 16. Rhe1 Nb6 17. Nd2 Qa6 18. Rab1 Nc4 19. Nxc4 Qxc4 20. b3 Qb4 21. e5 dxe5 22. Bxf6 exf6 23. Rbd1 f5 24. d6 Rd8 25. Nd5 Qb7 26. Qxc5 Rac8 27. Qb4 Qa8 28. Kg1 Rc2 29. a4 Kh8 30. Ne3 Ra2 31. Qc4 Qf3 32. Qf1 Qb7 33. Qc4 Qf3 34. Rf1 f4 35. gxf4 exf4 36. Ng2 Rxf2 37. Rxf2 Qxd1+ 38. Rf1 Qxd6 39. Qxf4 Qb6+ 40. Kh1 Qxb3 41. Rf3 Qd1+ 42. Rf1 Qd7 43. Rf3 Rc8 44. Qe3 Qxa4 45. Rxf7 Rc3 46. Qe6 Qa1+ 47. Kh2 Be5+ 48. Rf4 Bxf4+ 49. Nxf4 Rc2+ 50. Ng2 Qg7 51. Qe4 Qc7+ 52. Kh1 Rc1+ 53. Ne1 Rc4 54. Qe8+ Kh7 55. Ng2 Rc1+ 56. Ne1 Rc5 57. Nf3 Qb7 58. Kg2 Rc2+ 59. Kg3 Qc7+ 60. Kh3 Qc8+ 61. Qxc8 Rxc8 62. Ng5+ Kg7 63. Kg3 Rc3+ 64. Kf4 Rc4+ 65. Kg3 Kf6 66. Nf3 Kf5 67. Nd2 Rc3+ 68. Kf2 Rc2 0-1

[Event "Altinopolis op 2nd"]
[Site "Altinopolis"]
[Date "2013.??.??"]
[Round "3"]
[White "Takata, Felipe Sandron"]
[Black "Haddad Filho, Paulo Ibrahim"]
[Result "0-1"]
[WhiteElo "1546"]
[BlackElo "1981"]
[PlyCount "112"]
[EventDate "2013.03.22"]
[EventType "swiss"]
[EventRounds "6"]
[EventCountry "BRA"]
[SourceTitle "CBM 153 Extra"]
[Source "ChessBase"]
[SourceDate "2013.04.22"]
[SourceVersion "1"]
[SourceVersionDate "2013.04.22"]
[SourceQuality "1"]

1. e4 e5 2. Nf3 Nc6 3. d4 exd4 4. Bc4 Nf6 5. 0-0 Be7 6. Re1 d6 7. Nxd4 0-0 8. Nc3 a6 9. Nxc6 bxc6 10. Bg5 Be6 11. Bb3 h6 12. Bh4 Rb8 13. Qe2 Qc8 14. e5 dxe5 15. Qxe5 Bd6 16. Qxe6 fxe6 17. Bxe6+ Qxe6 18. Rxe6 Rxb2 19. Bxf6 Rxf6 20. Re2 Rf5 21. Ne4 Ra5 22. Nxd6 cxd6 23. g3 Raxa2 24. Rxa2 Rxa2 25. Re6 Rxc2 26. Rxd6 a5 27. Rd8+ Kf7 28. Ra8 Rc5 29. Ra7+ Kf6 30. h4 g5 31. hxg5+ hxg5 32. Ra6 Ke5 33. Kf1 Kd4 34. Ke2 g4 35. Ra8 Kc3 36. f4 gxf3+ 37. Kxf3 Rb5 38. g4 Kb3 39. Ra6 c5 40. g5 a4 41. g6 Rb7 42. Rf6 a3 43. Rf7 Rb8 44. g7 Rg8 45. Rb7+ Kc2 46. Ra7 Kb2 47. Rb7+ Kc3 48. Ke4 a2 49. Ra7 Rxg7 50. Rxa2 Rd7 51. Ra8 c4 52. Ke3 Re7+ 53. Kf2 Kc2 54. Rc8 c3 55. Kf1 Re4 56. Rh8 Kd3 0-1

[Event "Nova Odessa IRT Regional 3rd"]
[Site "Nova Odessa"]
[Date "2012.12.16"]
[Round "5.3"]
[White "Haddad Filho, Paulo Ibrahim"]
[Black "Vieira, Alexandre Letizio"]
[Result "1-0"]
[WhiteElo "1977"]
[BlackElo "1649"]
[PlyCount "81"]
[EventDate "2012.12.14"]
[EventType "swiss"]
[EventRounds "6"]
[EventCountry "BRA"]
[SourceTitle "EXT 2022"]
[Source "ChessBase"]
[SourceDate "2021.10.06"]
[SourceVersion "1"]
[SourceVersionDate "2021.10.06"]
[SourceQuality "1"]

1. d4 Nf6 2. Nf3 e6 3. Bg5 d5 4. Nbd2 Nbd7 5. e3 h6 6. Bf4 Nh5 7. Bg3 Nxg3 8. hxg3 c5 9. c3 Nf6 10. Ne5 Bd6 11. f4 a6 12. Bd3 c4 13. Bc2 b5 14. g4 Bb7 15. Qf3 Qe7 16. g5 Nd7 17. g6 Bxe5 18. fxe5 f6 19. exf6 Nxf6 20. Qg3 0-0 21. Nf3 Ne8 22. Ke2 Nd6 23. Ne5 Nf5 24. Qh3 a5 25. Rag1 Rae8 26. g4 Nxd4+ 27. exd4 Qg5 28. Nf7 Rxf7 29. gxf7+ Kxf7 30. Qh5+ Qxh5 31. gxh5 Kg8 32. Rg6 e5 33. Ke3 b4 34. Rhg1 Re7 35. dxe5 Rxe5+ 36. Kd4 Re7 37. cxb4 axb4 38. Kc5 c3 39. bxc3 bxc3 40. a4 Kh8 41. a5 1-0

[Event "Nova Odessa IRT Regional 3rd"]
[Site "Nova Odessa"]
[Date "2012.12.16"]
[Round "6.2"]
[White "Heinrichs, Vivian"]
[Black "Haddad Filho, Paulo Ibrahim"]
[Result "0-1"]
[WhiteElo "1997"]
[BlackElo "1977"]
[PlyCount "166"]
[EventDate "2012.12.14"]
[EventType "swiss"]
[EventRounds "6"]
[EventCountry "BRA"]
[SourceTitle "EXT 2022"]
[Source "ChessBase"]
[SourceDate "2021.10.06"]
[SourceVersion "1"]
[SourceVersionDate "2021.10.06"]
[SourceQuality "1"]

1. c4 c5 2. g3 Nf6 3. Bg2 Nc6 4. Nc3 e6 5. Nf3 d5 6. b3 a6 7. e3 Rb8 8. 0-0 Be7 9. cxd5 exd5 10. d4 cxd4 11. Nxd4 Bg4 12. Qd2 0-0 13. h3 Be6 14. a3 Qd7 15. Kh2 Bc5 16. Re1 Rfe8 17. Bb2 Bxd4 18. exd4 b5 19. Nd1 Bf5 20. Nc3 h6 21. g4 Qd6+ 22. Kg1 Be6 23. Rad1 b4 24. Nb1 bxa3 25. Bxa3 Qc7 26. Qc2 Qb6 27. Bd6 Nxd4 28. Rxd4 Qxd4 29. Bxb8 Rxb8 30. Nd2 a5 31. Rb1 Qb4 32. Qd3 Ne4 33. Bxe4 dxe4 34. Qe3 Bd5 35. Ra1 Bxb3 36. Nxb3 Qxb3 37. Qxb3 Rxb3 38. Rxa5 Rxh3 39. Kg2 Rc3 40. Re5 Rc4 41. Kg3 g5 42. Rf5 Rc3+ 43. Kg2 Kg7 44. Re5 Rc4 45. Kg3 Kg6 46. Re8 f6 47. Rg8+ Kf7 48. Rh8 Rc3+ 49. Kg2 Kg7 50. Re8 Rc4 51. Kg3 Rc3+ 52. Kg2 Rc4 53. Kg3 Rb4 54. Kh3 Kf7 55. Rh8 e3 56. fxe3 Re4 57. Rxh6 Rxe3+ 58. Kg2 Ke6 59. Rh8 Ke5 60. Rf8 Kf4 61. Rxf6+ Kxg4 62. Kf2 Rb3 63. Ra6 Rb2+ 64. Kg1 Kh4 65. Ra8 g4 66. Rh8+ Kg3 67. Kf1 Rb1+ 68. Ke2 Kg2 69. Ke3 g3 70. Ke2 Rb5 71. Re8 Rb2+ 72. Ke1 Kh1 73. Rg8 Rb1+ 74. Ke2 Kg2 75. Rh8 Rh1 76. Rf8 Rh2 77. Rf1 Rh5 78. Rf6 Kh2 79. Rg6 g2 80. Kf2 Rf5+ 81. Ke2 g1Q 82. Rh6+ Kg2 83. Rg6+ Kh1 0-1

[Event "Benidorm op U2000 11th"]
[Site "Benidorm"]
[Date "2012.11.30"]
[Round "1"]
[White "Haddad Filho, Paulo Ibrahim"]
[Black "Espana Reguero, Emilio"]
[Result "1-0"]
[WhiteElo "1972"]
[BlackElo "1762"]
[PlyCount "77"]
[EventDate "2012.11.30"]
[EventType "swiss"]
[EventRounds "10"]
[EventCountry "ESP"]
[SourceTitle "EXT 2014"]
[Source "ChessBase"]
[SourceDate "2013.11.20"]
[SourceVersion "1"]
[SourceVersionDate "2013.11.20"]
[SourceQuality "1"]

1. d4 Nf6 2. Nf3 d5 3. Bg5 e6 4. Nbd2 Be7 5. e3 c5 6. c3 Nbd7 7. Bd3 0-0 8. Ne5 Nxe5 9. dxe5 Nd7 10. Bf4 b6 11. Qh5 f5 12. g4 Qe8 13. Qxe8 Rxe8 14. gxf5 exf5 15. Bxf5 Nf8 16. Bxc8 Raxc8 17. Bg3 Ng6 18. f4 Bh4 19. Nf3 Bxg3+ 20. hxg3 Rcd8 21. Rd1 Ne7 22. g4 Nc6 23. Rh2 g5 24. Nxg5 Nxe5 25. fxe5 Rxe5 26. Nf3 Rxe3+ 27. Kf2 Re4 28. Kg3 d4 29. cxd4 cxd4 30. Rhd2 Rf8 31. Rxd4 Re3 32. Rf4 Rfe8 33. Rd7 R3e7 34. Rd5 h6 35. Rf6 Kg7 36. Rdd6 Rh8 37. Nh4 Re3+ 38. Kf4 Rf8 39. Nf5+ 1-0

[Event "Batatais op 2nd"]
[Site "Batatais"]
[Date "2011.12.18"]
[Round "6"]
[White "Haddad Filho, Paulo Ibrahim"]
[Black "De Carvalho, Igor Lorenzon"]
[Result "1/2-1/2"]
[WhiteElo "1972"]
[BlackElo "1840"]
[PlyCount "50"]
[EventDate "2011.12.16"]
[EventType "swiss"]
[EventRounds "6"]
[EventCountry "BRA"]
[SourceTitle "EXT 2013"]
[Source "ChessBase"]
[SourceDate "2012.11.22"]
[SourceVersion "1"]
[SourceVersionDate "2012.11.22"]
[SourceQuality "1"]

1. d4 Nf6 2. Nf3 e6 3. Bg5 h6 4. Bh4 d5 5. Nbd2 Nbd7 6. e3 Be7 7. Bd3 b6 8. 0-0 Bb7 9. c4 0-0 10. Rc1 c5 11. cxd5 exd5 12. Re1 Ne4 13. Bxe7 Qxe7 14. Bb5 Ndf6 15. Ne5 Rac8 16. Bf1 Nxd2 17. Qxd2 Ne4 18. Qe2 cxd4 19. exd4 Qb4 20. Rcd1 Rc7 21. Qb5 Qxb5 22. Bxb5 Rc2 23. Nd3 a6 24. Bd7 Bc8 25. Bxc8 Rfxc8 1/2-1/2

[Event "Batatais op 2nd"]
[Site "Batatais"]
[Date "2011.12.17"]
[Round "3"]
[White "Haddad Filho, Paulo Ibrahim"]
[Black "Kajiwara, Joao Kazuyuki"]
[Result "1-0"]
[WhiteElo "1972"]
[BlackElo "1254"]
[PlyCount "35"]
[EventDate "2011.12.16"]
[EventType "swiss"]
[EventRounds "6"]
[EventCountry "BRA"]
[SourceTitle "EXT 2013"]
[Source "ChessBase"]
[SourceDate "2012.11.22"]
[SourceVersion "1"]
[SourceVersionDate "2012.11.22"]
[SourceQuality "1"]

1. d4 Nf6 2. Nf3 d6 3. Bg5 Nbd7 4. Nbd2 c5 5. e3 cxd4 6. exd4 Qc7 7. Bd3 g6 8. 0-0 Bg7 9. Re1 e5 10. c3 0-0 11. Bxf6 Bxf6 12. Qb3 Nb6 13. h3 Be6 14. Qb5 Bg7 15. Qa5 Rac8 16. dxe5 dxe5 17. Nxe5 Qc5 18. Qxc5 1-0

[Event "Batatais op 2nd"]
[Site "Batatais"]
[Date "2011.12.16"]
[Round "1"]
[White "Haddad Filho, Paulo Ibrahim"]
[Black "Ribeiro de Souza, Mauricio"]
[Result "1-0"]
[WhiteElo "1972"]
[BlackElo "1785"]
[PlyCount "65"]
[EventDate "2011.12.16"]
[EventType "swiss"]
[EventRounds "6"]
[EventCountry "BRA"]
[SourceTitle "EXT 2013"]
[Source "ChessBase"]
[SourceDate "2012.11.22"]
[SourceVersion "1"]
[SourceVersionDate "2012.11.22"]
[SourceQuality "1"]

1. d4 d5 2. Nf3 Nf6 3. Bg5 e6 4. Nbd2 Be7 5. e3 Nbd7 6. Bd3 b6 7. c4 Ba6 8. Qa4 Bxc4 9. Nxc4 dxc4 10. Bxc4 0-0 11. 0-0 Ne4 12. Bf4 Bd6 13. Bb5 Ndf6 14. Bc6 Rb8 15. Ne5 g5 16. Bg3 Nxg3 17. fxg3 Bxe5 18. dxe5 Nd5 19. Rad1 Qe7 20. Bxd5 exd5 21. Rxd5 Rbd8 22. Rfd1 Rxd5 23. Rxd5 Rd8 24. Rxd8+ Qxd8 25. Qd4 Qe7 26. Kf2 c5 27. Qd5 Qe6 28. Qd8+ Kg7 29. Qxg5+ Kf8 30. b3 Qd5 31. Qf6 Qd2+ 32. Kf3 Qxa2 33. e6 1-0